<?xml version="1.0" encoding="UTF-8"?>
<record
    xmlns:xsi="http://www.w3.org/2001/XMLSchema-instance"
    xsi:schemaLocation="http://www.loc.gov/MARC21/slim http://www.loc.gov/standards/marcxml/schema/MARC21slim.xsd"
    xmlns="http://www.loc.gov/MARC21/slim">

  <leader>02458nam a22001697a 4500</leader>
  <controlfield tag="003">SGT</controlfield>
  <datafield tag="020" ind1=" " ind2=" ">
    <subfield code="a">9781259026713</subfield>
  </datafield>
  <datafield tag="082" ind1=" " ind2=" ">
    <subfield code="a">658.4038011 BRI</subfield>
  </datafield>
  <datafield tag="100" ind1=" " ind2=" ">
    <subfield code="a">O' BRIEN, JAMES A</subfield>
  </datafield>
  <datafield tag="245" ind1=" " ind2=" ">
    <subfield code="a">MANAGEMENT INFORMATION SYSTEMS</subfield>
  </datafield>
  <datafield tag="250" ind1=" " ind2=" ">
    <subfield code="a">10TH</subfield>
  </datafield>
  <datafield tag="260" ind1=" " ind2=" ">
    <subfield code="a">NEW DELHI</subfield>
    <subfield code="b">TMH</subfield>
    <subfield code="c">2013</subfield>
  </datafield>
  <datafield tag="300" ind1=" " ind2=" ">
    <subfield code="a">954</subfield>
  </datafield>
  <datafield tag="650" ind1=" " ind2=" ">
    <subfield code="a">MANAGEMENT INFORMATION SYSTEMS</subfield>
  </datafield>
  <datafield tag="653" ind1=" " ind2=" ">
    <subfield code="a">MODULE I Foundation Concepts 1.	Foundations of Information Systems in Business Section I Foundation Concepts: Information Systems in Business Section II Foundation Concepts: The Components of Information Systems 2.	Competing with Information Technology Section I Fundamentals of Strategic Advantage Section II Using Information Technology for Strategic Advantage MODULE II Information Technologies 3.	Computer Hardware Section I Computer Systems: End User and Enterprise Computing Section II Computer Peripherals: Input, Output, and Storage Technologies 4.	Computer Software Section I Application Software: End-User Applications Section II System Software: Computer System Management 5.	Data Resource Management Section I Technical Foundations of Database Management Section II Managing Data Resources 6.	Telecommunications and Networks Section I The Networked Enterprise Section II Telecommunications Network Alternatives MODULE III Business Applications 7.	E-Business Systems Section I e-Business Systems Section II Functional Business Systems 8.	Enterprise Business Systems Section I Getting All the Geese Lined Up: Managing at the Enterprise Level Section II Enterprise Resource Planning: The Business Backbone Section III Supply Chain Management: The Business Network 9.	E-Commerce Systems Section I e-Commerce Fundamentals Section II e-Commerce Applications and Issues 10. Supporting Decision Making Section I Decision Support in Business Section II Artificial Intelligence Technologies in Business MODULE IV Development Processes 11. Developing Business/IT Strategies Section I Planning Fundamentals Section II Implementation Challenges 12.	Developing Business/IT Solutions Section I Developing Business Systems Section II Implementing Business Systems MODULE V Management Challenges 13.	Security and Ethical Challenges Section I Security, Ethical, and Societal Challenges of IT Section II Security Management of Information Technology 14.	Enterprise and Global Management of Information Technology Section I Managing Information Technology Section II Managing Global IT</subfield>
  </datafield>
  <datafield tag="942" ind1=" " ind2=" ">
    <subfield code="2">ddc</subfield>
    <subfield code="c">FCM</subfield>
  </datafield>
  <datafield tag="952" ind1=" " ind2=" ">
    <subfield code="0">0</subfield>
    <subfield code="1">0</subfield>
    <subfield code="2">ddc</subfield>
    <subfield code="4">0</subfield>
    <subfield code="7">0</subfield>
    <subfield code="8">CM</subfield>
    <subfield code="a">SSSL</subfield>
    <subfield code="b">SSSL</subfield>
    <subfield code="c">DISPLAY</subfield>
    <subfield code="d">2017-01-27</subfield>
    <subfield code="e">INDIAN PUBLISHERS &amp; DISTRIBUTORS</subfield>
    <subfield code="g">760.00</subfield>
    <subfield code="i">SGTU</subfield>
    <subfield code="l">0</subfield>
    <subfield code="o">658.4038011 BRI</subfield>
    <subfield code="p">CM3249</subfield>
    <subfield code="r">2017-01-27 00:00:00</subfield>
    <subfield code="w">2016-12-20</subfield>
    <subfield code="y">FCM</subfield>
    <subfield code="k">177</subfield>
  </datafield>
  <datafield tag="952" ind1=" " ind2=" ">
    <subfield code="0">0</subfield>
    <subfield code="1">0</subfield>
    <subfield code="2">ddc</subfield>
    <subfield code="4">0</subfield>
    <subfield code="7">0</subfield>
    <subfield code="8">CM</subfield>
    <subfield code="a">SSSL</subfield>
    <subfield code="b">SSSL</subfield>
    <subfield code="c">DISPLAY</subfield>
    <subfield code="d">2017-01-27</subfield>
    <subfield code="e">INDIAN PUBLISHERS &amp; DISTRIBUTORS</subfield>
    <subfield code="g">760.00</subfield>
    <subfield code="i">SGTU</subfield>
    <subfield code="l">0</subfield>
    <subfield code="o">658.4038011 BRI</subfield>
    <subfield code="p">CM3250</subfield>
    <subfield code="r">2017-01-27 00:00:00</subfield>
    <subfield code="w">2016-12-20</subfield>
    <subfield code="y">FCM</subfield>
    <subfield code="k">177</subfield>
  </datafield>
  <datafield tag="999" ind1=" " ind2=" ">
    <subfield code="c">10625</subfield>
    <subfield code="d">10625</subfield>
  </datafield>
</record>
